<The> NATO handbook [NATO 1949-1999 OTAN]
Gespeichert in:
| Format: | Buch |
|---|---|
| Sprache: | Englisch |
| Veröffentlicht: |
Brussels
NATO Office of Information and Press
1998
|
| Ausgabe: | 50. anniver. ed. |
| Schlagworte: | |
| Tags: |
Keine Tags, Fügen Sie das erste Tag hinzu!
|
MARC
| LEADER | 00000nam a2200000 4500 | ||
|---|---|---|---|
| 001 | c124014 | ||
| 005 | 20221109094021.5 | ||
| 020 | |a 92-845-0104-0 | ||
| 041 | 0 | |a eng | |
| 044 | |a BE | ||
| 245 | 1 | 0 | |a <The> NATO handbook |b [NATO 1949-1999 OTAN] |
| 250 | |a 50. anniver. ed. | ||
| 264 | 1 | |a Brussels |b NATO Office of Information and Press |c 1998 | |
| 300 | |a 400 s. | ||
| 610 | 2 | 0 | |a zbrojenie |
| 610 | 2 | 0 | |a zbrane |
| 610 | 2 | 0 | |a organizácie medzinárodné |
| 610 | 2 | 0 | |a vojny |
| 610 | 2 | 0 | |a vojaci |
| 610 | 2 | 0 | |a vojenstvo |
| 610 | 2 | 0 | |a bezpečnosť |
| 610 | 2 | 0 | |a bezpečnosť európska |
| 610 | 2 | 0 | |a aliancie strategické |
| 610 | 2 | 0 | |a obrana štátu |
| 610 | 2 | 0 | |a NATO |